| 000 | 00749nam a2200253 a 4500 | ||
|---|---|---|---|
| 008 | |||
| 020 | _a0134451066 (pbk.) | ||
| 049 | _aMAIN | ||
| 090 | _aQH431 | ||
| 100 | 1 | _aMcKusick, Victor A. | |
| 245 | 1 | 0 |
_aHuman genetics/ _cVictor A. McKusick. |
| 250 | _a2nd ed. | ||
| 260 |
_aEnglewood Cliffs, N.J. : _bPrentice-Hall, _c1969 |
||
| 300 |
_axv, 221 p. : _bill, maps. ; _c23 cm. |
||
| 440 | 0 | _aPrentice-Hall foundations of modern genetics series. | |
| 504 | _aIncludes bibliographical references. | ||
| 650 | 0 | _aHuman genetics. | |
| 650 | 2 | _aGenetics, Medical | |
| 907 |
_a.b10013714 _b07-05-04 _c17-04-03 |
||
| 003 | |||
| 005 | 20230123133128.0 | ||
| 040 | _cNUST | ||
| 942 |
_cBOOKS _kQH431 |
||
| 999 |
_c143226 _d143226 |
||